| 000 | 00000nam 2200000za 4500 |
| 001 | 9.816651 |
| 003 | CaOODSP |
| 005 | 20221107142309 |
| 007 | cr ||||||||||| |
| 008 | 160502s2009 xxc |o f|0| 0 fre d |
| 040 | |aCaOODSP|bfre |
| 043 | |an-cn--- |
| 086 | 1 |aR5-103/2009F-PDF |
| 110 | 1 |aCanada. |bAffaires indiennes et du Nord. |bDirection générale des services de vérification et d’assurance. |
| 245 | 10|aVérification du Programme d'enseignement primaire et secondaire |h[ressource électronique] / |cpréparé par Direction générale des services de vérification et d'assurance. |
| 260 | |a[Gatineau, Québec] : |bAffaires indiennes et du Nord, |c2009. |
| 300 | |aiv, 41 p. : |btableaux. |
| 500 | |aLe 1er mai 2009. |
| 500 | |a"Projet no 08/25." |
| 500 | |aPubli. aussi en anglais sous le titre : Audit of the Elementary and Secondary Education Program. |
| 692 | 07|2gccst|aVérification |
| 775 | 08|tAudit of the Elementary and Secondary Education Program |w(CaOODSP)9.812569 |
| 856 | 40|qPDF|s160 Ko|uhttps://publications.gc.ca/collections/collection_2016/aanc-inac/R5-103-2009-fra.pdf |